[Event "Let's Play Chess!"]
[Site "http://www.queenalice.com/game.php?id=261990"]
[Date "2007.8.27"]
[Round "-"]
[White "AdebA"]
[Black "jovy1097"]
[Result "0-1"]
[WhiteElo "1773"]
[BlackElo "1797"]

1. e4 c6 2. d4 d5 3. Nd2 dxe4 4. Nxe4 Bf5 5. Ng3 Bg6 6. Nf3 Nd7 7. Bd3 Bxd3 8.
Qxd3 e6 9. O-O Ngf6 10. Bg5 Be7 11. Ne4 O-O 12. Rad1 Nxe4 13. Bxe7 Qxe7 14. Qxe4
Nf6 15. Qh4 Rad8 16. Ne5 Rd6 17. Ng4 Rfd8 18. c3 c5 19. Nxf6+ Qxf6 20. Qe4 cxd4
21. Qxb7 dxc3 22. Rxd6 Rxd6 23. bxc3 a5 24. c4 Qd8 25. c5 Rd1 26. g3 Rd7 27. Qb6
h6 28. Kg2 Qa8+ 0-1

[Event "Let's Play Chess!"]
[Site "http://www.queenalice.com/game.php?id=269425"]
[Date "2007.9.10"]
[Round "-"]
[White "AdebA"]
[Black "colognestar"]
[Result "0-1"]
[WhiteElo "1717"]
[BlackElo "2043"]

1. e4 e5 2. Nf3 Nc6 3. d4 exd4 4. Nxd4 Nf6 5. Nc3 Bb4 6. Nxc6 bxc6 7. Bd3 O-O 8.
Bg5 h6 9. Bh4 Re8 10. O-O d5 11. exd5 cxd5 12. Ne2 c5 13. c3 Ba5 14. Bc2 Rb8 15.
Rb1 Ba6 0-1

[Event "Challenge"]
[Site "http://www.queenalice.com/game.php?id=272219"]
[Date "2007.9.15"]
[Round "-"]
[White "AdebA"]
[Black "technicaldraw"]
[Result "0-1"]
[WhiteElo "1838"]
[BlackElo "1920"]

1. e4 e6 2. d4 d5 3. exd5 exd5 4. Nf3 Nc6 5. c3 Bd6 6. Bd3 Nge7 7. O-O Bg4 8.
Na3 Bxa3 9. bxa3 h6 10. h3 Bh5 11. Re1 O-O 12. a4 Re8 13. g4 Bg6 14. Ba3 Bxd3
0-1

[Event "Challenge"]
[Site "http://www.queenalice.com/game.php?id=310047"]
[Date "2007.11.25"]
[Round "-"]
[White "Rapha66"]
[Black "AdebA"]
[Result "1-0"]
[WhiteElo "1601"]
[BlackElo "1670"]

1. e4 e6 2. Nf3 d5 3. exd5 exd5 4. d4 Nf6 5. h3 Bd6 6. Bg5 O-O 7. Bd3 Re8+ 8.
Be2 h6 9. Bxf6 Qxf6 10. O-O Nd7 11. Nc3 c6 12. Re1 1-0

[Event "AUTO-ADV-725"]
[Site "http://www.queenalice.com/game.php?id=310243"]
[Date "2007.11.26"]
[Round "1"]
[White "AdebA"]
[Black "Number9"]
[Result "0-1"]
[WhiteElo "1703"]
[BlackElo "1639"]

1. e4 c5 2. c3 d5 3. exd5 Qxd5 4. d4 e6 5. Nf3 Nc6 6. Be2 Nf6 7. O-O Be7 8. Na3
cxd4 9. Nb5 Qd8 10. Nbxd4 Bd7 11. Bf4 O-O 0-1

[Event "AUTO-ADV-725"]
[Site "http://www.queenalice.com/game.php?id=310245"]
[Date "2007.11.26"]
[Round "1"]
[White "AdebA"]
[Black "Ikki_de_Fenix"]
[Result "0-1"]
[WhiteElo "1762"]
[BlackElo "2036"]

1. e4 c5 2. c3 Nc6 3. d4 cxd4 4. cxd4 d5 5. exd5 Qxd5 6. Nf3 Bg4 7. Be2 Nf6 8.
Nc3 Qd8 9. d5 Bxf3 10. Bxf3 Ne5 11. Be2 a6 12. O-O g6 13. Bf4 Ned7 0-1

[Event "AUTO-ADV-725"]
[Site "http://www.queenalice.com/game.php?id=310246"]
[Date "2007.11.26"]
[Round "1"]
[White "Ikki_de_Fenix"]
[Black "AdebA"]
[Result "1-0"]
[WhiteElo "2030"]
[BlackElo "1768"]

1. d4 Nf6 2. c4 g6 3. Nc3 Bg7 4. e4 d6 5. Nf3 O-O 6. h3 e5 7. d5 a5 8. Bd3 Na6
9. O-O Bd7 10. a3 Nc5 11. Bc2 Ne8 12. Be3 1-0

[Event "Challenge"]
[Site "http://www.queenalice.com/game.php?id=310990"]
[Date "2007.11.27"]
[Round "-"]
[White "AdebA"]
[Black "mustangmike"]
[Result "1-0"]
[WhiteElo "1691"]
[BlackElo "1877"]

1. e4 e5 2. Nf3 Nc6 3. d4 f6 4. d5 Nb8 5. Be3 d6 6. Nc3 Bd7 7. Bc4 a6 8. O-O Qe7
9. Qd2 c6 10. dxc6 Nxc6 11. Nd5 Qd8 12. Bb6 Qc8 13. Nc7+ Ke7 14. Rad1 1-0

[Event "AUTO-ADV-727"]
[Site "http://www.queenalice.com/game.php?id=311200"]
[Date "2007.11.27"]
[Round "1"]
[White "conqueror"]
[Black "AdebA"]
[Result "0-1"]
[WhiteElo "1710"]
[BlackElo "1720"]

1. d4 Nf6 2. c4 g6 3. Nc3 Bg7 4. Nf3 d5 5. Bf4 O-O 6. e3 c5 7. Qc2 cxd4 8. Nxd4
Re8 9. Be5 Nbd7 10. Bxf6 Nxf6 11. Nf3 Bf5 12. Qb3 Ne4 13. Rd1 e6 14. Nd4 Qh4 15.
g3 Qf6 16. cxd5 Nxf2 0-1

[Event "AUTO-ADV-727"]
[Site "http://www.queenalice.com/game.php?id=311201"]
[Date "2007.11.27"]
[Round "1"]
[White "AdebA"]
[Black "conqueror"]
[Result "1-0"]
[WhiteElo "1738"]
[BlackElo "1701"]

1. e4 d5 2. exd5 Qxd5 3. Nc3 Qd6 4. d4 Nf6 5. Bc4 Bg4 6. Nge2 e6 7. f3 Bf5 8.
Bf4 Qd8 9. d5 exd5 10. Nxd5 Nxd5 11. Bxd5 c6 12. Bxf7+ Ke7 13. Bg5+ 1-0

[Event "AUTO-ADV-727"]
[Site "http://www.queenalice.com/game.php?id=311216"]
[Date "2007.11.27"]
[Round "1"]
[White "AdebA"]
[Black "vindaloo"]
[Result "0-1"]
[WhiteElo "1684"]
[BlackElo "1899"]

1. e4 g6 2. d4 Bg7 3. Nc3 d6 4. Nf3 Nf6 5. Be2 O-O 6. O-O c5 7. d5 e6 8. Nd2 a6
9. dxe6 fxe6 10. Nc4 Ne8 11. a4 a5 12. Be3 Qe7 13. Nb6 Ra7 0-1

[Event "AUTO-ADV-727"]
[Site "http://www.queenalice.com/game.php?id=311217"]
[Date "2007.11.27"]
[Round "1"]
[White "vindaloo"]
[Black "AdebA"]
[Result "1-0"]
[WhiteElo "1906"]
[BlackElo "1677"]

1. c4 Nf6 2. Nc3 g6 3. g3 Bg7 4. Bg2 O-O 5. Nf3 d5 6. cxd5 Nxd5 7. e4 Nxc3 8.
bxc3 c5 9. O-O Nc6 10. Re1 Bg4 11. Rb1 b6 12. Qc2 Qc7 13. Bb2 Rad8 14. Rbd1 1-0

[Event "AUTO-ADV-727"]
[Site "http://www.queenalice.com/game.php?id=311218"]
[Date "2007.11.27"]
[Round "1"]
[White "AdebA"]
[Black "razoman"]
[Result "0-1"]
[WhiteElo "1757"]
[BlackElo "1920"]

1. e4 c5 2. c3 a6 3. d4 cxd4 4. cxd4 Nc6 5. Nf3 d6 6. Nc3 Bg4 7. Be2 Bxf3 8.
Bxf3 e5 9. Be3 Be7 10. O-O Nf6 11. dxe5 dxe5 12. Nd5 Nxd5 13. exd5 Na5 14. Rc1
O-O 15. Bd2 Rb8 16. b4 Nc6 17. dxc6 bxc6 18. Rxc6 Qd7 19. Bc3 Qf5 20. Re1 Bf6
21. Rxa6 Rfd8 22. Qe2 Re8 0-1

[Event "AUTO-ADV-727"]
[Site "http://www.queenalice.com/game.php?id=311219"]
[Date "2007.11.27"]
[Round "1"]
[White "razoman"]
[Black "AdebA"]
[Result "1-0"]
[WhiteElo "1929"]
[BlackElo "1748"]

1. e4 e6 2. d4 d5 3. exd5 exd5 4. a3 Nf6 5. Bd3 Bd6 6. h3 O-O 7. Nf3 Re8+ 8. Be3
c5 9. O-O c4 10. Be2 Ne4 11. Nc3 Nxc3 12. bxc3 Bf5 13. Qd2 Nd7 14. a4 Nf6 15.
Bg5 Ne4 16. Bxd8 Nxd2 17. Nxd2 Rxe2 18. Bg5 Bxc2 19. Nf3 Rae8 20. Ra2 Bd3 21.
Rxe2 Rxe2 22. Re1 f6 23. Bd2 Kf7 24. a5 1-0